Elements of the nature and properties of soils

Bibliographic Details
Main Author: Brady, Nyle C.
Other Authors: Weil, Ray R.
Format: Book
Published: Upper Saddle River, N.J. : : Prentice Hall, , c2004.
Subjects:

MARC

LEADER 00000cam a2200000 7i4500
001 0000003139
005 20050216.0
020 0 0 |a 013048038X 
090 0 0 |a 631.4   |b NCB 
100 1 0 |a Brady, Nyle C. 
245 0 0 |a Elements of the nature and properties of soils   |c Nyle C. Brady, Ray R. Weil. 
260 0 0 |a Upper Saddle River, N.J. : :   |b Prentice Hall, ,   |c c2004. 
300 |a xiv, 606 p. : :   |b ill. (some col.) ; ;   |c 29 cm. 
500 0 0 |a Abridged ed. of: The nature and properties of soils. 13th ed. c2002. 
650 0 0 |a Soil science. 
650 0 0 |a Soils. 
700 1 1 |a Weil, Ray R. 
999 |a 0000005846   |b Monograph   |c Open Shelf   |e Default branch